000 00450nam a2200181Ia 4500
005 20250423095808.0
008 250422s9999 xx 000 0 und d
020 _a9789785247305
050 _aQP 251.5 .O85/
100 _aOsinowo, O. A.
245 0 _aIntroduction to animal reproduction
260 _aAbeokuta
260 _bSophie Academic Services Ltd.
260 _c2016
300 _a118 p
650 _aAnimal Reproduction
942 _cBK
999 _c31355
_d31355